Normal view
MARC view
- Mc Cormack M H
Entry Personal Name
001 - CONTROL NUMBER
- control field: 166982
003 - CONTROL NUMBER IDENTIFIER
- control field: OSt
005 - DATE AND TIME OF LATEST TRANSACTION
- control field: 20230313125953.0
008 - FIXED-LENGTH DATA ELEMENTS
- fixed length control field: 230313|| aca||aabn | a|a d
040 ## - CATALOGING SOURCE
- Original cataloging agency: OSt
- Transcribing agency: OSt
100 ## - HEADING--PERSONAL NAME
- Personal name: Mc Cormack M H
670 ## - SOURCE DATA FOUND
- Source citation: Work cat.: (OSt)127913: Mc Cormack M H, What You Will Near Learn On The Internet